Music Quiz

Random Music or Artist Quiz
Score 0/16 Timer 05:00
1 Play Today
Question Answer % Correct
Figure Out The Lyric: ____, all my troubles seemed so far awayYesterday
78.5%
'You can't hurry love. No. You just have to _____.'wait
76.4%
Who is the song 'Born to Run' by?Bruce Springsteen
75%
What Pink Floyd album stayed on the Billboard top 200 Albums chart for a record 741 weeks?The Dark Side of the Moon
73.9%
Which rock band had a chart topping hit song in many countries with 'Eye of the Tiger'?Survivor
72%
What is the original English title of the song The Beatles recorded in German called 'Komm, gib mir deine Hand'?I Want To Hold Your Hand
66.5%
Which female country artist has sold the most albums?Dolly Parton
59.8%
What singer has the most gold records ever (90)?Elvis Presley
56%
Question Answer % Correct
Play clip for audio clue. The French song 'Comme d'habitude' was adapted into a version with English lyrics and recorded by Frank Sinatra. By what English name is it known by?My Way
51.9%
Who wrote the music for 'The Marriage of Figaro'?Wolfgang Amadeus Mozart
49.7%
What Taylor Swift song contains the lyrics “ I'm sorry, the old Taylor can't come to the phone right now. Why? Oh, ‘cause she’s dead!'?Look What You Made Me Do
39.9%
Which Artist has the most cumulative weeks at number one on the Billboard chart with 82 weeks?Mariah Carey
28.4%
The Power of Love was co-written and recorded by an American, Jennifer Rush. That song was #1 in the UK in 1985 and finally reached #1 in the US in 1994. Who recorded that cover?Celine Dion
28.4%
What is the longest-leading Billboard Hot 100 Number One single of all-time?'Old Town Road' Lil Nas X feat. Billy Ray Cyrus
16.4%
'It Ain't Hard to Tell' - the final track on Nas's album 'Illmatic' - samples which 1983 Michael Jackson hit single?Human Nature
9.7%
What kpop group, known as the 'Princes of K-pop,' released the songs Ring Ding Dong, Lucifer, and Sherlock?SHINee
7.2%
Remove Ads.
Support Sporcle.
Get the best of Sporcle when you Go Orange. This ad-free experience offers more features, more stats, and more fun while also helping to support Sporcle. Thank you for becoming a member.

You're not logged in!

Compare scores with friends on all Sporcle quizzes.
OR
Log In

Sporcle TV

Today on Sporcle TV


Watch our educational content, quiz creation guides, and fun videos on Sporcle TV.

Show Comments

Extras

Top Quizzes Today


Score Distribution

Paid Content

Your Account Isn't Verified!

In order to create a playlist on Sporcle, you need to verify the email address you used during registration. Go to your Sporcle Settings to finish the process.

Report this User

Report this user for behavior that violates our Community Guidelines.

Details: